00334 a2200109 4500001001000000005001700010008004100027245007700068100002000145773004200165999001700207ART_5560420260410161634.0260409a 10aResolución técnica 53, modificatoria de la resolución técnica 371 aNigro, Jorge O.0 tEnfoquesg- N° 3 (mar. 2022)wREV416 c12730d12730